000 01174nam a2200277Ia 4500
003 OSt
005 20221005110716.0
006 a|||||r|||| 00| 0
007 ta
008 221004b |||||||| |||| 00| 0 hin d
020 _a9788126724253 (hbk)
_c990
024 _a15526
037 _bBR6151, 23/12/2014, Rajkamal Prakashan Pvt. Ltd.
_cTextual
040 _aCRL
_cCRL
_bhin
041 _2hin
_ahin
082 _aNW44wN12,1, 152Q3
100 _aसहगल, ज़ोहरा
245 0 _aक़रीब से
_b मंच और फ़िल्मी पर्दे से जुड़ी यादें
246 _aक़rīb se: mancha aur फ़ilmī parde se juड़ī yādean
260 _aनई दिल्ली
_bराजकमल प्रकाशन भारत
_c2013
300 _a243पृ0
_ccm.
650 _aल्थ्ल्त् क्ल्ज्ञ
700 _a पाठक, दीपा, अनु.
942 _hNW44wN12,1, 152Q3
_cTEXL
_2cc
999 _c1019642
_d1019642